Регионална библиотека "Любен Каравелов" - Русе

Химн на демократичната младеж (Запис номер 326153)

MARC детайли
000 -Лидер
Контролно поле с фиксирана дължина nam a22 a 4500
003 - Код на организацията, давaща контролен номер
Контролно поле BLK
005 - Дата и час на последна редакция
Контролно поле 20201017113533.0
008 - Елементи от данни с фиксирана дължина
fixed length control field 181110b bu ||||| |||| 00| 0 bu d
020 ## - Международен стандартен номер на книга ISBN
Международен стандартен номер на книга ISBN 9789545532450
040 ## - Източник на каталожния запис
Идентификатор на билиотеката - собственик на записа BLK
041 ## - Код за език
Код за езика на текст/звукозапис или на отделно заглавие Български
Код за езика КДБФ Български
080 ## - УДК
Текстов определител УДК Украинска литература
УДК код - определител по УДК 821.161.2
УДК определител -31
УДК - код + определител 821.161.2-31
100 ## - Редна дума - Автор
Автор Жадан, Сергий Викторович
Авторска отговорност първи автор
R(LIN) 1299
139 ## - Редно поле
Редна дума Жадан, Сергий Викторович
Авторски знак Жад - Ж 15
245 ## - Сведения за заглавието
Заглавие Химн на демократичната младеж
Редно поле (дума) Сергий Жадан ; прев. от укр. Албена Стаменова.
260 ## - Област на издателските данни
9 (RLIN) 209722
Място на издаване, разпространение и проч. София
Име на издателя, разпространителя и проч. Парадокс
Година на издаване 2017
300 ## - Физическа характеристика
Страници 171 с.
Размери/Мащаб 22 см
380 ## - Жанр
Жанр Худож. лит.
500 ## - Общи забележки
Забележка Ориг. загл.: Гiмн демократичноï молодi. - Биогр. данни за авт. отбелязани на гърба на кор. - Няколко думи за преводача: с. 225
700 ## - Други автори (авторска отговорност)
9 (RLIN) 373856
Лично име Стаменова, Албена Проданова
Автороска отговорност (Описва отношението между автора и произведението) прев. от укр.
852 ## - Местоположение
Форматна сигнатура Цб 291181
Фондова буква Хранилище
999 ## - СИСТЕМНИ КОНТРОЛНИ НОМЕРА
Koha biblionumber 326153
Koha biblioitemnumber 326153
942 ## - АРТИКУЛИ
Вид на библиотечния материал Книги
Скрит в OPAC Не
Периодичен библиозапис Да
Koha issues (borrowed), all copies 1
999 ## - СИСТЕМНИ КОНТРОЛНИ НОМЕРА
Koha biblioitemnumber 326153
Наличности
Код за отписване Код за изгубен артикул Източник на класификационната схема Код за повреда Коз за рестрикции Код за отдаване Артикулен № Име на библиотеката - собственик Име на библиотеката, в която се намира в момента Статус (Текущо местоположение) Дата на вписване в системата Местоположение - отдел Цена в лева Инвентарен номер Систематично азбучна сигнатура Баркод Цена в евро Служебен тип на артикула
  Не е изгубен Universal Decimal Classification Не е повреден без рестрикции ползва се в читалня 682193 Регионална библиотека "Любен Каравелов" Русе Регионална библиотека "Любен Каравелов" Русе Хранилище 2018-11-16 Хранилище 16.00 120000824780 Цб 291181 120000824780 8.18 Книги
  Не е изгубен Universal Decimal Classification Не е повреден без рестрикции заемане за дома 801721 Регионална библиотека "Любен Каравелов" Русе Регионална библиотека "Любен Каравелов" Русе Заемна - подръчен фонд 2020-09-30 Заемна - подръчен фонд 9.75   821-31/Ж 15 С 120000848150 4.99 Книги
Vip Innovations Ltd, Rousse, Bulgaria 2025